| 000 | 01326cab a22002055a 4500 | ||
|---|---|---|---|
| 001 | L144913 | ||
| 008 | 080820e20080627xxkd f s 000 0 eng d | ||
| 035 | _a(Sirsi) u144913 | ||
| 041 | 0 | _aeng | |
| 100 | 1 | _aFellows, Simon | |
| 245 | 0 | 0 |
_aProperty week supplement _bcoming of age |
| 260 | _c2008 | ||
| 490 |
_aProperty Week Supplement _v27 June 2008, 6-11(4) |
||
| 520 | _aSuggests that the UK retail property investment market is strong enough to face the current economic slowdown. States that shopping centres are opening, with an average size increasing form 16,000 m2 in 2007 to 25,000 m2 in 2008. Shows that they are the biggest capital market in property to invest in. Declares that the West end market is in good position, due to the huge globalisation of markets over the past 25 years. Explains that property investment from pension and investment plans has grown as the amount of global investment has grown, but that the figure is still low, 10 to 12% in most investment funds. Reveals that there is a need for the pressure on financial markets to reduce to avoid the threat of recession. | ||
| 590 | _aKA | ||
| 651 | 4 |
_aUnited Kingdom _y |
|
| 690 | _aPROPERTY-COMMERCIAL PROPERTY-COMMERCIAL PROPERTY MARKET | ||
| 690 | _aPROPERTY-COMMERCIAL PROPERTY-COMMERCIAL PROPERTY FINANCE AND INVESTMENT | ||
| 942 | _n0 | ||
| 999 |
_c80640 _d80640 |
||